000 00716cam a2200229 a 4500
001 2998495
005 20180125041847.0
008 931028s1994 nyua 001 0 eng
010 _a 93042317
020 _a0890437238
040 _aDLC
_cDLC
_dDLC
041 _aeng
080 _a332.6327 DAU
082 0 0 _a332.6327 DAU
_220
100 1 _a52
101 _aEKO
245 1 0 _aConsumer Reports mutual funds book /
_cGreg Daugherty and the editors of Consumer Reports Books.
246 3 0 _aMutual funds book
906 _a7
_bcbc
_corignew
_d1
_eocip
_f19
_gy-gencatlg
942 _2ddc
_cBK
999 _c40908
_d40908